=LDR 00000nam 2200000 4500 =001 INLIS000000000013678 =005 20130612105031 =008 ***********************************Ind** =035 ##$$0010-061300000013678 =041 ##$$a Ind =082 ##$$a R.338.642 040 21 =090 ##$$a R.338.642 040 21, Pro p =245 ##$$a Profil usaha kecil dan menengah tidak berbadan hukum Indonesia tahun 2001 =260 ##$$a 2001 $b Jakarta =300 ##$$a 123 hlm, Ilus, 21 cm =650 ##$$a Usaha kecil dan menengah - Statistik =850 ##$$a NBPNMAT